Tradition and public administration (Record no. 1687)

MARC details
000 -LEADER
fixed length control field 00732nam a2200157Ia 4500
005 - DATE AND TIME OF LATEST TRANSACTION
control field 20250117103533.0
008 - FIXED-LENGTH DATA ELEMENTS--GENERAL INFORMATION
fixed length control field 250117s9999 xx 000 0 und d
020 ## - INTERNATIONAL STANDARD BOOK NUMBER
International Standard Book Number 9780230575660
082 ## - DEWEY DECIMAL CLASSIFICATION NUMBER
Classification number 352TRA
245 #0 - TITLE STATEMENT
Title Tradition and public administration
260 ## - PUBLICATION, DISTRIBUTION, ETC.
Place of publication, distribution, etc. Houndmills
Name of publisher, distributor, etc. Basingstoke
Date of publication, distribution, etc. 2010
300 ## - PHYSICAL DESCRIPTION
Extent xiii, 274 p. : ill. ; 23 cm.
500 ## - GENERAL NOTE
General note Includes bibliographical references and index.
520 ## - SUMMARY, ETC.
Summary, etc. "Contemporary administrative reforms push administrative systems to homogenize. This book documents, however, the persistence of administrative traditions in a number of countries that tend to maintain existing administrative patterns and reduce the impact of pressures for reform".
650 ## - SUBJECT ADDED ENTRY--TOPICAL TERM
Topical term or geographic name entry element Public administration.
Holdings
Withdrawn status Lost status Damaged status Not for loan Home library Current library Date acquired Total checkouts Full call number Barcode Date last seen Price effective from Koha item type
        UONGOZI Institute Resources Centre - Dar es Salaam UONGOZI Institute Resources Centre - Dar es Salaam 01/17/2025   352TRA 001703 01/31/2025 01/17/2025 Book